000 00758nam a2200217Ia 4500
003 OSt
005 20220905113256.0
008 210716s2018 xx 000 0 und d
020 _a9781788830874
040 _cAIMIT LIBRARY
041 _aeng
082 _a005.448
_21
_bHIRM
100 _aHirway, Manoj.
_956561
245 _aHybrid cloud for developers :
_bdevelop and deploy cost-effective applications on the AWS and openstack platforms with ease /
_cBy Manoj Hirway.
250 _a1st ed.
260 _aMumbai :
_bPackt Publishing Ltd ,
_c2018 .
300 _aviii, 265p. ;
_bPB
_c23.5 cm.
650 _aDeveloping AWS cloud applications
_956562
650 _aMonitoring and troubleshooting hybrid cloud
_956563
942 _2ddc
_cBK
_e1st
_k005.448 HIRM
999 _c196584
_d196584